[Event "Belgrade Radnicki IM 10"]
[Site "Belgrade"]
[Date "2022.10.19"]
[Round "8"]
[White "Mijailovic, Zoran"]
[Black "Saypuri, Srithan"]
[Result "1/2-1/2"]
[WhiteElo "2345"]
[BlackElo "2172"]
[PlyCount "100"]
[EventDate "2022.10.13"]
[EventType "tourn"]
[EventRounds "9"]
[EventCountry "SRB"]
[SourceTitle "CBM 210 Extra"]
[Source "ChessBase"]
[SourceDate "2022.11.30"]
[SourceVersion "1"]
[SourceVersionDate "2022.11.30"]
[SourceQuality "1"]

1. d4 Nf6 2. c4 e6 3. Nf3 d5 4. Nc3 Bb4 5. Bg5 h6 6. Bxf6 Qxf6 7. Qa4+ Nc6 8. e3 0-0 9. Qb3 Rd8 10. a3 Ba5 11. cxd5 exd5 12. Be2 Ne7 13. 0-0 c6 14. Rac1 Bc7 15. Rfd1 Qg6 16. Qc2 Bf5 17. Bd3 Qh5 18. Bxf5 Nxf5 19. Ne2 Bd6 20. Rd3 Nh4 21. Nxh4 Qxh4 22. g3 Qe7 23. Rc3 a5 24. Qf5 Re8 25. R3c2 Qe4 26. Qh5 Qe6 27. Nc3 f5 28. h4 Qf7 29. Qxf7+ Kxf7 30. h5 a4 31. Kg2 Kf6 32. Rh1 Re7 33. Na2 Ra5 34. Kf3 Kg5 35. Rh4 Re4 36. Rh1 Re7 37. Ke2 Kf6 38. Kd2 Ra8 39. Nc1 Ra5 40. Nd3 Rb5 41. Rc3 Re8 42. Rcc1 Re6 43. Rcg1 c5 44. dxc5 Bxc5 45. Rh4 Re4 46. Nxc5 Rxc5 47. Rf4 Rb5 48. Kc3 Rc5+ 49. Kd3 Rb5 50. Kc3 Rc5+ 1/2-1/2

[Event "Belgrade Radnicki IM T1 12"]
[Site "Belgrade"]
[Date "2021.12.06"]
[Round "4"]
[White "Kuzmin, Roman"]
[Black "Mijailovic, Zoran"]
[Result "0-1"]
[WhiteElo "2117"]
[BlackElo "2342"]
[PlyCount "64"]
[EventDate "2021.12.03"]
[EventType "tourn"]
[EventRounds "9"]
[EventCountry "SRB"]
[SourceTitle "CBM 205 Extra"]
[Source "ChessBase"]
[SourceDate "2022.01.31"]
[SourceVersion "1"]
[SourceVersionDate "2022.01.31"]
[SourceQuality "1"]

1. e4 c5 2. Nf3 e6 3. d4 cxd4 4. Nxd4 Nc6 5. Nc3 d6 6. Be2 Nf6 7. 0-0 Be7 8. Be3 0-0 9. f4 e5 10. Nf5 Bxf5 11. exf5 exf4 12. Bxf4 d5 13. Bd3 Qb6+ 14. Kh1 Qxb2 15. Nb5 Ne4 16. Rb1 Qxa2 17. Qf3 Bf6 18. Nc7 Nd4 19. Qe3 Nxf5 20. Qe1 Bc3 21. Qd1 Rad8 22. Rxb7 Bf6 23. Qf3 Nc5 24. Rb5 Nxd3 25. Qxd3 Nd4 26. Rc5 Ne6 27. Nxe6 fxe6 28. Qh3 Qa6 29. c4 Bd4 30. Rc7 Rxf4 31. Re1 Rdf8 32. Qd3 Qa5 0-1

[Event "Belgrade Radnicki IM T1 12"]
[Site "Belgrade"]
[Date "2021.12.03"]
[Round "1"]
[White "Mijailovic, Zoran"]
[Black "Vishwa, Vasnawala"]
[Result "1/2-1/2"]
[WhiteElo "2342"]
[BlackElo "2047"]
[PlyCount "28"]
[EventDate "2021.12.03"]
[EventType "tourn"]
[EventRounds "9"]
[EventCountry "SRB"]
[SourceTitle "CBM 205 Extra"]
[Source "ChessBase"]
[SourceDate "2022.01.31"]
[SourceVersion "1"]
[SourceVersionDate "2022.01.31"]
[SourceQuality "1"]

1. c4 e5 2. Nc3 Bb4 3. e3 Bxc3 4. bxc3 Nf6 5. Ne2 0-0 6. Ng3 Nc6 7. e4 Re8 8. Be2 d6 9. 0-0 Ne7 10. d3 Ng6 11. f4 exf4 12. Bxf4 Nxf4 13. Rxf4 c6 14. Qd2 d5 1/2-1/2

[Event "SRB-chT Premier"]
[Site "Vrnjacka Banja"]
[Date "2021.09.07"]
[Round "1.2"]
[White "Mijailovic, Zoran"]
[Black "Lukovic, Vladimir"]
[Result "1/2-1/2"]
[WhiteElo "2344"]
[BlackElo "2411"]
[PlyCount "48"]
[EventDate "2021.09.07"]
[EventType "team-tourn"]
[EventRounds "11"]
[EventCountry "SRB"]
[SourceTitle "CBM 204 Extra"]
[Source "ChessBase"]
[SourceDate "2021.11.30"]
[SourceVersion "1"]
[SourceVersionDate "2021.11.30"]
[SourceQuality "1"]
[WhiteTeam "Lucani Mladost"]
[BlackTeam "Belgrade Politika"]
[WhiteTeamCountry "SRB"]
[BlackTeamCountry "SRB"]

1. d4 d5 2. c4 c6 3. Nf3 Nf6 4. e3 g6 5. Nc3 Bg7 6. Bd3 0-0 7. 0-0 c5 8. dxc5 Nc6 9. h3 dxc4 10. Bxc4 Qa5 11. Bd2 Qxc5 12. Qe2 Qh5 13. e4 Nd7 14. Rad1 Nb6 15. Bb5 Be6 16. Be3 Rfd8 17. Rfe1 Rac8 18. Bxc6 bxc6 19. Nd4 Qxe2 20. Rxe2 Bxd4 21. Rxd4 Rxd4 22. Bxd4 c5 23. Be3 Nc4 24. Bf4 a5 1/2-1/2

[Event "Belgrade Radnicki IM T2 08"]
[Site "Belgrade"]
[Date "2021.08.17"]
[Round "8"]
[White "Mijailovic, Zoran"]
[Black "Lever, Erwan"]
[Result "1-0"]
[WhiteElo "2368"]
[BlackElo "2135"]
[PlyCount "87"]
[EventDate "2021.08.10"]
[EventType "tourn"]
[EventRounds "9"]
[EventCountry "SRB"]
[EventCategory "2"]
[SourceTitle "CBM 203 Extra"]
[Source "ChessBase"]
[SourceDate "2021.09.30"]
[SourceVersion "1"]
[SourceVersionDate "2021.09.30"]
[SourceQuality "1"]

1. d4 Nf6 2. c4 e6 3. Nf3 d5 4. g3 dxc4 5. Qa4+ Nbd7 6. Bg2 a6 7. Nc3 Rb8 8. Qxc4 b5 9. Qd3 Bb7 10. 0-0 Be7 11. Bf4 Rc8 12. Rad1 c5 13. dxc5 Nxc5 14. Qxd8+ Rxd8 15. Rxd8+ Bxd8 16. Rc1 Ncd7 17. Ne5 Bxg2 18. Kxg2 Nh5 19. Ne4 g5 20. Nd6+ Ke7 21. Nc6+ Kf6 22. Bxg5+ Kxg5 23. Nxf7+ Kf6 24. Nfxd8 Nb6 25. Nb7 Nc4 26. b3 Rc8 27. bxc4 Rxc6 28. c5 Ke5 29. Na5 Rc7 30. Nb3 Nf6 31. Rd1 Nd5 32. f4+ Kf5 33. Kf3 Nc3 34. e4+ Kf6 35. Rd6 a5 36. Nxa5 Rxc5 37. Nb3 Rc4 38. Nd4 b4 39. e5+ Kf7 40. Nxe6 Nxa2 41. f5 b3 42. Ng5+ Ke8 43. f6 Rc1 44. Rb6 1-0

[Event "Belgrade Radnicki IM T2 08"]
[Site "Belgrade"]
[Date "2021.08.14"]
[Round "5"]
[White "Mijailovic, Zoran"]
[Black "Zhapova, Yana"]
[Result "1/2-1/2"]
[WhiteElo "2368"]
[BlackElo "2196"]
[PlyCount "70"]
[EventDate "2021.08.10"]
[EventType "tourn"]
[EventRounds "9"]
[EventCountry "SRB"]
[EventCategory "2"]
[SourceTitle "CBM 203 Extra"]
[Source "ChessBase"]
[SourceDate "2021.09.30"]
[SourceVersion "1"]
[SourceVersionDate "2021.09.30"]
[SourceQuality "1"]

1. d4 d5 2. c4 e6 3. Nf3 c6 4. e3 Nf6 5. Bd3 dxc4 6. Bxc4 Nbd7 7. 0-0 Bd6 8. b3 Qe7 9. Bb2 0-0 10. Ne5 c5 11. Nd2 Rd8 12. f4 Nd5 13. Qf3 cxd4 14. exd4 N7f6 15. Rae1 Ba3 16. Ba1 Nb4 17. Qd1 Nc6 18. Ndf3 Bb4 19. Re2 Nd5 20. Nxc6 bxc6 21. Ne5 Qc7 22. Qc1 Qb6 23. Bd3 Bb7 24. f5 exf5 25. Bxf5 Re8 26. Bxh7+ Kxh7 27. Rxf7 Bf8 28. Qg5 Kg8 29. Qg6 Ba6 30. Rxg7+ Bxg7 31. Qf7+ Kh7 32. Re4 Qd8 33. Qh5+ Kg8 34. Qf7+ Kh7 35. Qh5+ Kg8 1/2-1/2

[Event "Belgrade Radnicki IM T2 08"]
[Site "Belgrade"]
[Date "2021.08.11"]
[Round "2"]
[White "Khubukshanov, Erdem"]
[Black "Mijailovic, Zoran"]
[Result "0-1"]
[WhiteElo "2278"]
[BlackElo "2368"]
[PlyCount "128"]
[EventDate "2021.08.10"]
[EventType "tourn"]
[EventRounds "9"]
[EventCountry "SRB"]
[EventCategory "2"]
[SourceTitle "CBM 203 Extra"]
[Source "ChessBase"]
[SourceDate "2021.09.30"]
[SourceVersion "1"]
[SourceVersionDate "2021.09.30"]
[SourceQuality "1"]

1. e4 e6 2. d4 d5 3. e5 c5 4. c3 Nc6 5. Nf3 Qb6 6. Na3 cxd4 7. cxd4 Bd7 8. Nc2 Nb4 9. Ne3 Bb5 10. a3 Nc6 11. Bxb5 Qxb5 12. Bd2 Nge7 13. b4 Ng6 14. g3 Be7 15. h4 h5 16. Qe2 Qxe2+ 17. Kxe2 f6 18. b5 Nd8 19. Rhe1 Nf7 20. Bc3 Rc8 21. Kd3 Kd7 22. Rec1 Rc7 23. Bb2 Rhc8 24. Rxc7+ Rxc7 25. Rg1 Rc8 26. Re1 Bd8 27. Ng2 Nh6 28. Ng1 Nf5 29. Nh3 fxe5 30. dxe5 Bb6 31. Re2 Rc5 32. Ne3 Nxe3 33. fxe3 Rxb5 34. Rf2 Rb3+ 35. Kc2 Rxe3 36. Rf7+ Kc6 37. Rxg7 Nxe5 38. Bxe5 Rxe5 39. Nf4 Be3 40. Ng6 Re4 41. Rh7 Bf2 42. Rxh5 Bxg3 43. Rh8 Bd6 44. h5 Rg4 45. Rg8 Rg2+ 46. Kb3 Rh2 47. Rh8 Rh3+ 48. Kc2 Bxa3 49. h6 Rh2+ 50. Kb3 Bb2 51. Rc8+ Kd7 52. Rg8 Bd4 53. h7 Kd6 54. h8Q Bxh8 55. Rxh8 Rxh8 56. Nxh8 Kc5 57. Ng6 a5 58. Nf4 e5 59. Ne6+ Kd6 60. Nd8 b6 61. Kc3 d4+ 62. Kc4 b5+ 63. Kxb5 d3 64. Nb7+ Ke7 0-1

[Event "Belgrade Radnicki IM T1 08"]
[Site "Belgrade"]
[Date "2021.08.07"]
[Round "7"]
[White "Zhapova, Yana"]
[Black "Mijailovic, Zoran"]
[Result "1/2-1/2"]
[WhiteElo "2196"]
[BlackElo "2368"]
[PlyCount "87"]
[EventDate "2021.08.01"]
[EventType "tourn"]
[EventRounds "9"]
[EventCountry "SRB"]
[EventCategory "1"]
[SourceTitle "CBM 203 Extra"]
[Source "ChessBase"]
[SourceDate "2021.09.30"]
[SourceVersion "1"]
[SourceVersionDate "2021.09.30"]
[SourceQuality "1"]

1. e4 c5 2. Nf3 e6 3. d4 cxd4 4. Nxd4 a6 5. c4 Nf6 6. Nc3 Qc7 7. Qd3 b6 8. Qg3 d6 9. Be3 Bb7 10. f3 Nbd7 11. Be2 Be7 12. 0-0 0-0 13. Rac1 Rfe8 14. Rfd1 Rac8 15. Qf2 Qb8 16. a3 Bd8 17. b4 Ne5 18. Nb3 Nxc4 19. Bxc4 Rxc4 20. Bxb6 Be7 21. Na5 Rcc8 22. Ba7 Qa8 23. Nxb7 Qxb7 24. Qb6 Qxb6+ 25. Bxb6 Rc4 26. Ne2 Rec8 27. Rxc4 Rxc4 28. Rc1 Rxc1+ 29. Nxc1 Kf8 30. Nd3 Ke8 31. Bd4 e5 32. Bc3 Kd7 33. Kf2 Kc6 34. Nb2 Nd7 35. Ke3 d5 36. Kd3 Bg5 37. a4 d4 38. Be1 Be7 39. Kc4 Nb6+ 40. Kb3 f6 41. Nd3 Bd6 42. Bg3 Nc8 43. Bf2 Nb6 44. Bg3 1/2-1/2

[Event "SRB-chT Premier"]
[Site "Ruma"]
[Date "2020.09.26"]
[Round "2.2"]
[White "Leskur, Dejan"]
[Black "Mijailovic, Zoran"]
[Result "1/2-1/2"]
[WhiteElo "2303"]
[BlackElo "2387"]
[PlyCount "29"]
[EventDate "2020.09.25"]
[EventType "team-tourn"]
[EventRounds "11"]
[EventCountry "SRB"]
[SourceTitle "CBM 198 Extra"]
[Source "ChessBase"]
[SourceDate "2020.11.30"]
[SourceVersion "1"]
[SourceVersionDate "2020.11.30"]
[SourceQuality "1"]
[WhiteTeam "Novi Sad SK"]
[BlackTeam "Lucani Mladost"]
[WhiteTeamCountry "SRB"]
[BlackTeamCountry "SRB"]

1. e4 e5 2. Nf3 Nf6 3. Nxe5 d6 4. Nf3 Nxe4 5. d3 Nf6 6. d4 Be7 7. Bd3 Bg4 8. 0-0 0-0 9. h3 Bh5 10. Re1 Re8 11. c3 Nbd7 12. Bf4 Nf8 13. Nbd2 Ne6 14. Bh2 Ng5 15. Be2 1/2-1/2

[Event "SRB-chT 1st League"]
[Site "Banja Vrujci"]
[Date "2017.09.22"]
[Round "9.2"]
[White "Ristic, Nebojsa M"]
[Black "Mijailovic, Zoran"]
[Result "1/2-1/2"]
[WhiteElo "2359"]
[BlackElo "2409"]
[PlyCount "25"]
[EventDate "2017.09.16"]
[EventType "team"]
[EventRounds "11"]
[EventCountry "SRB"]
[SourceTitle "CBM 180 Extra"]
[Source "ChessBase"]
[SourceDate "2017.10.06"]
[SourceVersion "1"]
[SourceVersionDate "2017.10.06"]
[SourceQuality "1"]
[WhiteTeam "Smederevska Palanka Jasenica"]
[BlackTeam "Despotovac Sloga"]
[WhiteTeamCountry "SRB"]
[BlackTeamCountry "SRB"]

1. Nf3 Nf6 2. g3 d6 3. Bg2 e5 4. d3 Be7 5. 0-0 0-0 6. c4 Nbd7 7. Nc3 c6 8. e4 Re8 9. h3 Bf8 10. d4 a6 11. dxe5 Nxe5 12. Nxe5 dxe5 13. Qxd8 1/2-1/2

[Event "SRB-chT 1st League"]
[Site "Banja Vrujci"]
[Date "2017.09.21"]
[Round "8.6"]
[White "Mijailovic, Zoran"]
[Black "Zlatanovic, Boroljub"]
[Result "0-1"]
[WhiteElo "2409"]
[BlackElo "2395"]
[PlyCount "90"]
[EventDate "2017.09.16"]
[EventType "team"]
[EventRounds "11"]
[EventCountry "SRB"]
[SourceTitle "CBM 180 Extra"]
[Source "ChessBase"]
[SourceDate "2017.10.06"]
[SourceVersion "1"]
[SourceVersionDate "2017.10.06"]
[SourceQuality "1"]
[WhiteTeam "Despotovac Sloga"]
[BlackTeam "Kragujevac Radnicki"]
[WhiteTeamCountry "SRB"]
[BlackTeamCountry "SRB"]

1. d4 g6 2. e4 Bg7 3. Nf3 d6 4. Be2 Bg4 5. 0-0 Nf6 6. Nc3 0-0 7. Be3 Nbd7 8. Qd2 c6 9. Rad1 Re8 10. h3 Bxf3 11. Bxf3 e5 12. d5 c5 13. a4 a6 14. Ra1 b6 15. Qe2 h5 16. Nb1 Kh7 17. g4 Rh8 18. g5 Ne8 19. Kh2 Nc7 20. c4 Qe7 21. Rg1 Rhb8 22. Nc3 Rb7 23. Bxh5 gxh5 24. Qxh5+ Kg8 25. g6 Nf6 26. Qh4 Nce8 27. gxf7+ Qxf7 28. Rg5 Nh7 29. Rf5 Bf6 30. Rg1+ Ng7 31. Qh6 Kh8 32. Rf3 Rf8 33. Rg6 Ne8 34. Bg5 Qe7 35. Bxf6+ Rxf6 36. Rf5 Rxg6 37. Qxg6 Nef6 38. Rf3 Qf7 39. Qf5 Rb8 40. Ne2 Qh5 41. Ng3 Qxf5 42. Nxf5 Nxe4 43. Re3 Rf8 44. Ne7 Rxf2+ 45. Kg1 Nhg5 0-1